Taylor Swift - 'tis the damn season Lyrics - Statistics

General Stats
  • This quiz has been taken 210 times
    206 since last reset
  • The average score is 357 of 411
Answer Stats
Answer % Correct
I
99%
the
99%
The
99%
we
97%
We
97%
you
97%
You
97%
damn
96%
season
96%
it
95%
me
95%
my
95%
​'Tis
95%
to
95%
To
95%
an
94%
call
94%
could
94%
even
94%
Even
94%
for
94%
house
94%
I'm
94%
i'm
94%
parents'
94%
stay
94%
this
94%
weekend
94%
And
92%
and
92%
at
92%
"babe"
92%
down
92%
go
92%
in
92%
on
92%
be
91%
now
91%
Now
91%
stayin'
91%
write
91%
your
91%
as
90%
good
90%
hometown
90%
If
90%
if
90%
know
90%
real
90%
So
90%
so
90%
who
88%
Who
88%
always
87%
can
87%
leave
87%
looks
87%
not
87%
road
87%
Time
87%
when
87%
ask
86%
Hear
86%
It's
86%
it's
86%
leads
86%
taken
86%
is
84%
just
84%
But
83%
but
83%
ever
83%
out
83%
smile
83%
wanted
83%
was
83%
were
83%
I've
82%
with
82%
hanging
81%
I'll
81%
LA
81%
only
81%
same
81%
would've
81%
all
79%
asked
79%
friends
79%
known
79%
breakin'
78%
gone
78%
make
78%
there
78%
While
78%
about
77%
back
77%
called
77%
heart
77%
okay
77%
own
77%
around
75%
books
75%
flies
75%
that
75%
warmest
75%
yours
75%
ache
74%
bed
74%
fakin'
74%
of
74%
ours
74%
though
74%
won't
74%
don't
73%
leaving
73%
by
71%
far
71%
missin'
71%
smiles
71%
tell
71%
too
71%
used
71%
watched
71%
car
70%
how
69%
kind
69%
parked
69%
right
69%
which
69%
bad
68%
like
68%
ride
68%
school
68%
soul
68%
There's
68%
day
66%
mud
66%
old
66%
times'
66%
tires
66%
truck
66%
between
65%
sake
65%
Sleep
65%
Messy
64%
passed
64%
put
64%
wonder
64%
felt
62%
half
62%
Methodist
62%
perfume
62%
remember
62%
run
62%
cold
61%
holidays
60%
wait
60%
Who'll
58%
escaped
57%
up
55%
linger
52%
glass
51%
windshield
48%
fogs
45%
No matching quizzes found
Score Distribution
Percent of People with Each Score
Percentile by Number Answered
Your Score History
You have not taken this quiz since the last reset